| 000 | 00807cam a2200265 a 4500 | ||
|---|---|---|---|
| 003 | MX-MxUPN | ||
| 005 | 20240227124954.0 | ||
| 008 | 190402s2000 mx a r 000 0 spa d | ||
| 035 | _aUPN01000229943 | ||
| 040 |
_aMX-MxUPN _bspa |
||
| 041 | 1 |
_aMixteco _aspa |
|
| 050 | 4 |
_aPM4016 Z4 _bH65 1994 |
|
| 100 | 1 |
_aHollenbach F., Fernando _951234 |
|
| 100 | 1 |
_aErickson de Hollenbach, Elena _935375 |
|
| 245 | 1 | 3 | _aEl alfabeto del mixteco de Magdalena Peñasco |
| 250 | _aPrimera edición | ||
| 260 |
_aMéxico, D.F. : _bInstituto Lingüístico de Verano, _c2000. |
||
| 300 |
_a12 páginas : _bilustraciones |
||
| 650 | 7 |
_949537 _aMixteco _xAlfabeto |
|
| 650 | 4 |
_919098 _aMixteco _xGramática |
|
| 902 | _bVíctorGodínez/270224 | ||
| 905 | _aFolleto | ||
| 942 |
_2lcc _cFOLL |
||
| 999 |
_c202038 _d202038 |
||